000 00517nam a2200193 a 4500
001 1771665851636
003 YourLibrary
005 20260221145720.0
008 260221s2006##################000#0#eng##
020 _a9781845423971
082 0 4 _a338.47
_bJAN
100 1 _aJansson, Jan Owen,
_eauthor.
245 1 0 _aThe Economics of Services :
260 _bEdward Elgar Publishing,
_c2006.
300 _a368 pages
650 0 _aBusiness & Economics.
942 _cENGLISH
040 _aYourLibrary
_beng
_cYourLibrary
999 _c615221
_d615221